Podział administracyjny Targówka - Statystyki

Ogólne statystyki
  • Ten quiz został rozwiązany 10 razy
  • Średni wynik to 5 z 7
Statystyki odpowiedzi
Odpowiedź: % Poprawnych
Bródno
100%
Bródno-Podgrodzie
63%
Elsnerów
63%
Targówek Fabryczny
63%
Zacisze
63%
Targówek Mieszkaniowy
50%
Utrata
50%
Nie znaleziono quizów pasujących do podanych kryteriów
Rozkład punktacji
Procent ludzi z każdym wynikiem
Percentyl według liczby udzielonych odpowiedzi
Twoja historia wyników
Nie rozwiązałeś tego quizu